000 00350nam a2200133Ia 4500
008 151001s9999||||xx |||||||||||||| ||und||
100 _aशशीशेखर वेदक
245 _aजगू आम्ही जीवन
250 _a1
260 _bकेशरी प्रकाशन
260 _c1950
300 _a124
365 _b7.5
999 _c949307
_d949304